| 000 | 00502nam a22001937a 4500 | ||
|---|---|---|---|
| 999 |
_c3594 | 3822 _d3594 |
||
| 003 | Ost | ||
| 005 | 20191202134535.0 | ||
| 008 | 191202b ||||| |||| 00| 0 eng d | ||
| 020 | _a8170081939 | ||
| 040 | _cBT-PhCST | ||
| 050 | _a14464-14465 | ||
| 082 |
_222 _a624 _bRED |
||
| 100 | _aReddy, P. Jaya Rami. | ||
| 245 |
_aCivil engineering : _bobjective type / |
||
| 250 | _aNA | ||
| 260 |
_aNew Delhi, _bLaxmi Publishing, _cc2008. |
||
| 300 |
_a777 p. ; _bill. ; _c24 cm. |
||
| 942 |
_2ddc _cCIVIL _02 |
||